Stemmi Squadre di calcio dal dettaglio - Quiz n°14 - Statistics

Statistiche generali
  • Questo quiz è stato fatto 5 volte
  • Il punteggio medio è 5 su 10
Statistiche sulle risposte
con Immagini Risposta % Corretto
Club Bruges
100%
Atalanta
75%
Metz
75%
Stade Reims
75%
Elche
50%
Kaiserslautern
50%
Molde
50%
Middlesbrough
25%
Qarabağ
25%
Zorja
0%
Nessun quiz corrispondente trovato
Distribuzione punteggi
Percentuale di utenti per punteggio
Percentile per numero di risposta
I tuoi punteggi nel tempo
Non hai fatto questo quiz